Catálogo

Vista normal Vista MARC

Entrada Personal Name

Número de registros utilizados en: 1

001 - CONTROL NUMBER

  • control field: 12213

003 - CONTROL NUMBER IDENTIFIER

  • control field: DLC

005 - DATE AND TIME OF LATEST TRANSACTION

  • control field: 20220308131422.0

008 - FIXED-LENGTH DATA ELEMENTS

  • fixed length control field: 940715n| acannaabn |a aaa

010 ## - LIBRARY OF CONGRESS CONTROL NUMBER

  • LC control number: n 94068014

035 ## - SYSTEM CONTROL NUMBER

  • System control number: (OCoLC)oca03644228

040 ## - CATALOGING SOURCE

  • Original cataloging agency: DLC
  • Language of cataloging: spa
  • Transcribing agency: Mx-PuUPA
  • Modifying agency: DLC
  • Modifying agency: OCoLC
  • Modifying agency: Mx-PuUPA
  • Description conventions: rda

100 1# - HEADING--PERSONAL NAME

  • Personal name: Sánchez, América,
  • Dates associated with a name: 1939-

372 ## - FIELD OF ACTIVITY

  • Field of activity: Diseño gráfico

374 ## - OCCUPATION

  • Occupation: Autor

375 ## - GENDER

  • Gender: mujer

377 ## - ASSOCIATED LANGUAGE

  • Language code: spa

400 1# - SEE FROM TRACING--PERSONAL NAME

  • Personal name: Pérez Sanchez, Juan Carlos,
  • Dates associated with a name: 1939-

400 1# - SEE FROM TRACING--PERSONAL NAME

  • Personal name: Sánchez, Juan Carlos Pérez,
  • Dates associated with a name: 1939-

670 ## - SOURCE DATA FOUND

  • Source citation: América Sánchez, c1993:
  • Information found: t.p. (América Sánchez) p. 11, etc. (b. 1939 as Juan Carlos Pérez Sánchez, changed name to América Sánchez, moved to Barcelona, Spain; graphic artist)